[Event "Spectacular Chess"]
[Site "SchemingMind.com"]
[Date "2011.06.02"]
[Round "-"]
[White "SittingBull"]
[Black "docjan"]
[Result "0-1"]
[WhiteCountry "CAN"]
[BlackCountry "SWE"]
[WhiteElo "1918"]
[WhiteRD "64"]
[BlackElo "2184"]
[BlackRD "71"]
[GameID "285591"]

1. e4 e5 2. Nf3 Nc6 3. Bb5 a6 4. Ba4 Nf6 5. Qe2 b5 6. Bb3 Be7 7. O-O O-O 8. c3 d5 9. d3 Be6 10. exd5 Bxd5
11. Bxd5 Qxd5 12. Be3 Rad8 13. d4 Bd6 14. dxe5 Nxe5 15. Nxe5 Qxe5 16. Nd2 Qxh2#
0-1

[Event "Spectacular Chess"]
[Site "SchemingMind.com"]
[Date "2011.06.02"]
[Round "-"]
[White "John Hamer"]
[Black "Scooter"]
[Result "1-0"]
[WhiteCountry "ENG"]
[BlackCountry "USA"]
[WhiteElo "2016"]
[WhiteRD "63"]
[BlackElo "1933"]
[BlackRD "64"]
[GameID "285592"]

1. e4 e5 2. Nf3 Nc6 3. Bc4 Bc5 4. Nxe5 Nxe5 5. d4 Nxc4 6. dxc5 d6 7. Qd4 Ne5 8. O-O Nf6 9. Nc3 O-O 10. Bf4 Nc6
11. Qe3 Nb4 12. Rad1 Nh5 13. Rd2 Nxf4 14. Qxf4 Qe7 15. cxd6 cxd6 16. Rxd6 Qc7 17. Qd2 Nxc2 18. Nb5= Qc4 19. Nc3 Nb4 20. Rd4 Qc5
21. Na4 Qc6 22. Qxb4 Qg6 23. Rd6 Qg5 24. f4 Qe7 25. Nc3 Be6 26. e5 Rad8 27. f5 Bc8 28. Qd4 f6 29. Qc4+ Kh8 30. Rxd8 Rxd8
31. e6 Qd6 32. Nb5 Qb6+ 33. Kh1 a6 34. e7 Re8 35. Qf7
1-0

[Event "Spectacular Chess"]
[Site "SchemingMind.com"]
[Date "2011.06.02"]
[Round "-"]
[White "docjan"]
[Black "SittingBull"]
[Result "1-0"]
[WhiteCountry "SWE"]
[BlackCountry "CAN"]
[WhiteElo "2224"]
[WhiteRD "64"]
[BlackElo "1916"]
[BlackRD "63"]
[GameID "285600"]

1. e4 c5 2. c3 Nf6 3. e5 Nd5 4. d4 e6 5. Nf3 cxd4 6. cxd4 Bb4+ 7. Bd2 Bxd2+ 8. Nbxd2 O-O 9. Nc4 Nc6 10. Be2 f6
11. O-O fxe5 12. dxe5 Qc7 13. Rc1 Qb8 14. a4 Nf4 15. Bd3 Nxd3 16. Qxd3 b5 17. Nd6 bxa4 18. Ng5 g6 19. Qh3 h5 20. Qg3 Qxb2
21. Nxe6
1-0

[Event "Spectacular Chess"]
[Site "SchemingMind.com"]
[Date "2011.06.02"]
[Round "-"]
[White "Scooter"]
[Black "John Hamer"]
[Result "1-0"]
[WhiteCountry "USA"]
[BlackCountry "ENG"]
[WhiteElo "1933"]
[WhiteRD "64"]
[BlackElo "2016"]
[BlackRD "63"]
[GameID "285601"]

1. d4 e6 2. Nf3 d5 3. Bf4 Nf6 4. h3 c5 5. e3 Nc6 6. c3 Bd7 7. Bb5 Nh5 8. Bg5 f6 9. Bh4 Bd6 10. Bxc6 Bxc6
11. dxc5 Bxc5 12. Nd4 Bxd4 13. Qxh5+ g6 14. Qg4 Be5 15. Qxe6+ Qe7 16. Qxe7+ Kxe7 17. Bg3 Bxg3 18. fxg3 Rhe8 19. Kf2 Kd7 20. Nd2 Re7
21. Nb3 Rae8 22. Rhe1 Kd6 23. Nd4 Re4 24. g4 Kc5 25. Rad1 Bd7 26. Nb3+ Kc6 27. Na5+ Kb6 28. Nb3 Kc6= 29. Rd4 Kd6 30. Red1 Rxd4
31. Rxd4 Bc6 32. Nd2 Ke6 33. Nb3 Kd6= 34. Na5 Re7 35. Nxc6 Kxc6= 36. Kf3 Re5 37. c4 dxc4 38. Rxc4+
1-0

[Event "Spectacular Chess"]
[Site "SchemingMind.com"]
[Date "2011.06.04"]
[Round "-"]
[White "baron1"]
[Black "otsenrechess"]
[Result "1-0"]
[WhiteCountry "ENG"]
[BlackCountry "HUN"]
[WhiteElo "2360"]
[WhiteRD "106"]
[BlackElo "2147"]
[BlackRD "45"]
[GameID "285720"]

1. c4 c5 2. Nf3 Nc6 3. d4 cxd4 4. Nxd4 e5 5. Nc2 Nf6 6. Nc3 d6 7. g3 Be7 8. Bg2 O-O 9. O-O Be6 10. Ne3 Rc8
11. b3 Qd7 12. Ned5 Rfd8 13. Ba3 h5 14. Qd2 Bxd5 15. Nxd5 Nxd5 16. Bxd5 Nd4 17. e3 Ne6 18. Qd1 h4 19. Qg4 Nc5 20. Qxd7 Rxd7
21. Rad1 Bf6 22. Bg2 hxg3 23. hxg3 Rcd8 24. Rd2 Kf8 25. Rfd1 Ke7 26. Rxd6 Rxd6 27. Bxc5 b6 28. Ba3 g5 29. g4 Bg7 30. Bd5 Kf6
31. Bxd6 Rxd6 32. Kg2 Rd8 33. Kf3 Bf8 34. Ke4 Bd6 35. Rh1 Kg6 36. a3 a5 37. a4 Rf8 38. Bb7 Rb8 39. Rd1 Rd8 40. Rd5 Bc7
41. Rb5 Rd6 42. Bd5 f6 43. b4 axb4 44. Rxb4 Kh6 45. a5 bxa5 46. Rb7
1-0

[Event "Spectacular Chess"]
[Site "SchemingMind.com"]
[Date "2011.06.08"]
[Round "-"]
[White "Bandit2"]
[Black "Yellow"]
[Result "1/2-1/2"]
[WhiteCountry "POL"]
[BlackCountry "INT"]
[WhiteElo "2368"]
[WhiteRD "89"]
[BlackElo "2329"]
[BlackRD "66"]
[GameID "285721"]

1. f4 d5 2. Nf3 g6 3. g3 Bg7 4. Bg2 c6 5. Nc3 Nh6 6. O-O Na6 7. e4 d4 8. Ne2 d3 9. cxd3 Nc5 10. Qc2 Nxd3
11. h3 Qb6+ 12. Kh2 Nxc1 13. Raxc1 Qxb2 14. Qa4 Qb6 15. d4 O-O 16. Rb1 Qc7 17. Rfc1 Qd6 18. Ne5 Rd8 19. Qa5=
1/2-1/2

[Event "Spectacular Chess"]
[Site "SchemingMind.com"]
[Date "2011.06.04"]
[Round "-"]
[White "otsenrechess"]
[Black "baron1"]
[Result "1/2-1/2"]
[WhiteCountry "HUN"]
[BlackCountry "ENG"]
[WhiteElo "2315"]
[WhiteRD "53"]
[BlackElo "2325"]
[BlackRD "103"]
[GameID "285723"]

1. e4 c6 2. d4 d5 3. Nc3 dxe4 4. Nxe4 Bf5 5. Ng3 Bg6 6. h4 h6 7. h5 Bh7 8. Nf3 Nd7 9. Bd3 Bxd3 10. Qxd3 e6
11. Bf4 Qa5+ 12. Bd2 Qc7 13. Ne4 Ngf6 14. O-O-O O-O-O 15. g3 Nxe4 16. Qxe4 Nf6 17. Qe2 Bd6 18. c4 c5 19. Bc3 cxd4 20. Nxd4 a6
21. Nb3 Be7 22. Kb1 Rxd1+ 23. Rxd1 Rd8 24. Rxd8+ Kxd8 25. g4 Ke8 26. f3 Kf8 27. Nd2=
1/2-1/2

[Event "Spectacular Chess"]
[Site "SchemingMind.com"]
[Date "2011.06.08"]
[Round "-"]
[White "Yellow"]
[Black "Bandit2"]
[Result "1/2-1/2"]
[WhiteCountry "INT"]
[BlackCountry "POL"]
[WhiteElo "2340"]
[WhiteRD "63"]
[BlackElo "2350"]
[BlackRD "89"]
[GameID "285724"]

1. Nf3 c5 2. e4 g6 3. d4 cxd4 4. Qxd4 Nf6 5. e5 Nc6 6. Qa4 Nd5 7. Qe4 Nc7 8. Nc3 Bg7 9. Bf4 b6 10. Qe3 h5
11. Ng5 Ne6 12. Nxe6 dxe6 13. Rd1 Qc7 14. Nb5 Qb8 15. Bd3 Bb7 16. Be4 O-O 17. Rd7 a6 18. Nd4 Nxd4 19. Qxd4 Bxe4 20. Qxe4 Qe8
21. Rd4 Qb5 22. Rb4 Qa5 23. a3 Rac8=
1/2-1/2

[Event "Spectacular Chess"]
[Site "SchemingMind.com"]
[Date "2011.06.06"]
[Round "-"]
[White "zyga65"]
[Black "kenneth m day"]
[Result "0-1"]
[WhiteCountry "POL"]
[BlackCountry "USA"]
[WhiteElo "2005"]
[WhiteRD "73"]
[BlackElo "1938"]
[BlackRD "56"]
[GameID "285906"]

1. e4 e6 2. d4 d5 3. e5 c5 4. c3 Nc6 5. Nf3 Qb6 6. a3 Nge7 7. dxc5 Qxc5 8. Be3 Qa5 9. Bd3 Nf5 10. Bxf5 exf5
11. O-O Be6 12. Nbd2 Qc7 13. Re1 Be7 14. Bf4 O-O 15. Nb3 Qb6 16. Rb1 Rfd8 17. Nbd4 Na5 18. Nxe6 fxe6 19. Be3 Qc7 20. Bd4 Nc6
21. Rc1 Rac8 22. h3 Qd7 23. Qd2 Qe8 24. Qe3 b6 25. Qf4 Qh5 26. g4 Qxh3 27. gxf5 Qxf5 28. Qg3 Rf8 29. Kg2 Rf7 30. Nh4 Qf4
31. Rcd1 Bxh4 32. Qxf4 Rxf4 33. Be3 Rf5 34. Bd4 Rcf8 35. Re2 Nxd4 36. cxd4 Bxf2 37. Rxf2 Rxf2+
0-1

[Event "Spectacular Chess"]
[Site "SchemingMind.com"]
[Date "2011.06.06"]
[Round "-"]
[White "kenneth m day"]
[Black "zyga65"]
[Result "1-0"]
[WhiteCountry "USA"]
[BlackCountry "POL"]
[WhiteElo "1938"]
[WhiteRD "56"]
[BlackElo "2005"]
[BlackRD "73"]
[GameID "285910"]

1. d4 Nf6 2. Nf3 d5 3. Bf4 c5 4. c3 Nc6 5. e3 Qb6 6. Qc1 Bf5 7. Nbd2 Rc8 8. Be2 cxd4 9. exd4 e6 10. Nb3 Be7
11. Qd2 Ne4 12. Qe3 a5 13. Nh4 Bxh4 14. O-O a4 15. f3 axb3 16. fxe4 Bxe4 17. a3 O-O 18. Bd6 Rfd8 19. Qf4 Bf6 20. Bc5 Qc7
21. Qxc7 Rxc7 22. Bb6 Rcd7 23. Bxd8 Rxd8 24. Rf4 g5 25. Rxf6 Kg7 26. Rf2 f5 27. Bd1 Na5 28. a4 Kg6 29. Ra3 Rd6 30. Bxb3 Nxb3
31. Rxb3 b6 32. Ra3 h5 33. b4 Kf6 34. a5 bxa5 35. bxa5 Bd3 36. Rb2
1-0

[Event "Spectacular Chess"]
[Site "SchemingMind.com"]
[Date "2011.06.24"]
[Round "-"]
[White "Mirta Crevani"]
[Black "emvarela"]
[Result "1-0"]
[WhiteCountry "ARG"]
[BlackCountry "ARG"]
[WhiteElo "2060"]
[WhiteRD "112"]
[BlackElo "1774"]
[BlackRD "47"]
[GameID "287157"]

1. c4 Nf6 2. Nc3 e6 3. e4 d6 4. d4 Be7 5. Bd3 Bd7 6. Nge2 O-O 7. O-O c5 8. e5 dxe5 9. dxe5 Ne8 10. Be3 Nc6
11. f4 f5 12. exf6 Bxf6 13. Qb1 Bxc3 14. Bxh7+ Kh8 15. Nxc3 e5 16. Bxc5 Rxf4 17. Rxf4 exf4 18. Nd5 Nf6 19. Bg6 Ne5 20. Be7 Qg8
21. Nxf6
1-0

[Event "Spectacular Chess"]
[Site "SchemingMind.com"]
[Date "2011.06.24"]
[Round "-"]
[White "emvarela"]
[Black "Mirta Crevani"]
[Result "1/2-1/2"]
[WhiteCountry "ARG"]
[BlackCountry "ARG"]
[WhiteElo "1774"]
[WhiteRD "47"]
[BlackElo "2060"]
[BlackRD "112"]
[GameID "287163"]

1. e4 c6 2. d4 d5 3. Nc3 dxe4 4. Nxe4 Bf5 5. Ng3 Bg6 6. h4 h6 7. h5 Bh7 8. Nf3 Nd7 9. Bd3 Bxd3 10. Qxd3 Qc7
11. Bd2 e6 12. O-O-O O-O-O 13. Ne4 Ngf6 14. g3 Nxe4 15. Qxe4 Bd6 16. c4 c5 17. d5 Nf6 18. Qe2 exd5 19. cxd5 Nxd5 20. Qc4 Nb6
21. Qg4+ Qd7 22. Qxg7 Qf5 23. Qc3 Kb8=
1/2-1/2

[Event "Spectacular Chess"]
[Site "SchemingMind.com"]
[Date "2011.06.23"]
[Round "-"]
[White "bull mccabe"]
[Black "jesusch"]
[Result "0-1"]
[WhiteCountry "IRL"]
[BlackCountry "ESP"]
[WhiteElo "1784"]
[WhiteRD "123"]
[BlackElo "1988"]
[BlackRD "66"]
[GameID "287282"]

1. e4 c5 2. Nc3 Nc6 3. Nf3 d6 4. d4 cxd4 5. Nxd4 Nf6 6. Bg5 e6 7. Qd2 a6 8. O-O-O Be7 9. f4 O-O 10. Be2 h6
11. Bh4 Bd7 12. Nf3 Qb6 13. e5 dxe5
0-1

[Event "Spectacular Chess"]
[Site "SchemingMind.com"]
[Date "2011.06.22"]
[Round "-"]
[White "jesusch"]
[Black "bull mccabe"]
[Result "1-0"]
[WhiteCountry "ESP"]
[BlackCountry "IRL"]
[WhiteElo "1988"]
[WhiteRD "66"]
[BlackElo "1784"]
[BlackRD "123"]
[GameID "287284"]

1. e4 c5 2. Nf3 Nc6 3. d4 cxd4 4. Nxd4 e5 5. Nb5 a6 6. Nd6+ Bxd6 7. Qxd6 Qe7 8. Qd1 Nf6 9. Nc3 O-O 10. Bg5 d6
11. Nd5 Qd8 12. Bxf6 gxf6 13. Qh5 Kh8 14. Qh6 Qa5+ 15. c3
1-0

[Event "Spectacular Chess"]
[Site "SchemingMind.com"]
[Date "2011.10.15"]
[Round "-"]
[White "kenneth m day"]
[Black "jesusch"]
[Result "1-0"]
[WhiteCountry "USA"]
[BlackCountry "ESP"]
[WhiteElo "1872"]
[WhiteRD "55"]
[BlackElo "1887"]
[BlackRD "65"]
[GameID "295190"]

1. e4 c5 2. Nf3 d6 3. g3 Nf6 4. d3 g6 5. Bg2 Bg7 6. O-O Nc6 7. c3 O-O 8. Re1 e5 9. Bg5 h6 10. Bd2 d5
11. exd5 Nxd5 12. Na3 Re8 13. Nc4 Bf5 14. Be3 Nxe3 15. Rxe3 Qc7 16. Qe2 Rad8 17. Nh4 Bc8 18. Re1 b5 19. Nd2 b4 20. Ne4
1-0

[Event "Spectacular Chess"]
[Site "SchemingMind.com"]
[Date "2011.10.15"]
[Round "-"]
[White "jesusch"]
[Black "kenneth m day"]
[Result "0-1"]
[WhiteCountry "ESP"]
[BlackCountry "USA"]
[WhiteElo "1887"]
[WhiteRD "65"]
[BlackElo "1872"]
[BlackRD "55"]
[GameID "295194"]

1. e4 e6 2. d4 d5 3. Nd2 Nf6 4. e5 Nfd7 5. f4 c5 6. Ngf3 Nc6 7. Nb3 a6 8. dxc5 Nxc5 9. Nbd4 Bd7 10. Nxc6 Bxc6
11. Be3 Ne4 12. c3 Be7 13. Bd3 O-O 14. O-O f5 15. Nd4 Bd7 16. Qb3 b5 17. Rac1 g5 18. fxg5 Bxg5 19. Bxg5 Qxg5
0-1

[Event "Spectacular Chess"]
[Site "SchemingMind.com"]
[Date "2011.11.13"]
[Round "-"]
[White "Bandit2"]
[Black "Mirta Crevani"]
[Result "1-0"]
[WhiteCountry "POL"]
[BlackCountry "ARG"]
[WhiteElo "2392"]
[WhiteRD "99"]
[BlackElo "2065"]
[BlackRD "103"]
[GameID "296840"]

1. d4 f5 2. g3 Nf6 3. Bg2 g6 4. Nf3 Bg7 5. O-O O-O 6. b3 d6 7. Bb2 Ne4 8. Nbd2 Nc6 9. Ne1 Ng5 10. e3 e5
11. d5 Ne7 12. c4 f4 13. exf4 exf4 14. Bxg7 Kxg7 15. Nef3 Nxf3+ 16. Nxf3 Nf5 17. Qd2 fxg3 18. fxg3 Bd7 19. Ng5 h6 20. Ne6+ Bxe6
21. dxe6 c6 22. g4 Nh4 23. Rxf8 Qxf8 24. Rf1
1-0

[Event "Spectacular Chess"]
[Site "SchemingMind.com"]
[Date "2011.11.12"]
[Round "-"]
[White "Mirta Crevani"]
[Black "Bandit2"]
[Result "1/2-1/2"]
[WhiteCountry "ARG"]
[BlackCountry "POL"]
[WhiteElo "2078"]
[WhiteRD "106"]
[BlackElo "2384"]
[BlackRD "96"]
[GameID "296849"]

1. c4 e5 2. Nc3 Nf6 3. g3 Nc6 4. Bg2 Bc5 5. e3 O-O 6. Nge2 d6 7. O-O Bb6 8. d4 Re8 9. h3 exd4 10. exd4 Bf5
11. Be3 h6 12. Nf4 Qd7 13. g4 Bh7 14. Ncd5 Nxd5 15. Nxd5 Be4 16. b4 a6 17. c5 Bxg2=
1/2-1/2

[Event "Spectacular Chess"]
[Site "SchemingMind.com"]
[Date "2011.11.20"]
[Round "-"]
[White "Scooter"]
[Black "baron1"]
[Result "0-1"]
[WhiteCountry "USA"]
[BlackCountry "ENG"]
[WhiteElo "1808"]
[WhiteRD "57"]
[BlackElo "2360"]
[BlackRD "106"]
[GameID "297356"]

1. d4 Nf6 2. Nf3 d5 3. Bf4 c5 4. e3 Nc6 5. c3 Qb6 6. Qb3 c4 7. Qxb6 axb6 8. Be2 Bf5 9. O-O e6 10. Nbd2 b5
11. Ne5 b4 12. Ndf3 bxc3 13. bxc3 Ne4 14. Rfc1 Ba3
0-1

[Event "Spectacular Chess"]
[Site "SchemingMind.com"]
[Date "2011.11.20"]
[Round "-"]
[White "baron1"]
[Black "Scooter"]
[Result "1-0"]
[WhiteCountry "ENG"]
[BlackCountry "USA"]
[WhiteElo "2360"]
[WhiteRD "106"]
[BlackElo "1808"]
[BlackRD "57"]
[GameID "297359"]

1. e4 c6 2. d4 d5 3. e5 Bf5 4. Nf3 e6 5. Be2 Nd7 6. O-O Ne7 7. Nbd2 h6 8. Nb3 g5 9. Ne1 Qc7 10. Nd3 O-O-O
11. Ndc5 Nxc5 12. Nxc5 Kb8 13. b4 Nc8 14. a4 Bxc5 15. bxc5 Ne7 16. a5 a6 17. Bd2 Rdg8 18. Qb1 h5 19. Bxa6 Bxc2 20. Qb2 Ka8
21. Be2 Bf5 22. a6
1-0

[Event "Spectacular Chess"]
[Site "SchemingMind.com"]
[Date "2011.11.25"]
[Round "-"]
[White "docjan"]
[Black "Trozkij"]
[Result "1/2-1/2"]
[WhiteCountry "SWE"]
[BlackCountry "GER"]
[WhiteElo "2378"]
[WhiteRD "59"]
[BlackElo "2477"]
[BlackRD "82"]
[GameID "297497"]

1. e4 e5 2. Nf3 Nc6 3. Bb5 a6 4. Ba4 Nf6 5. O-O Be7 6. Re1 b5 7. Bb3 d6 8. c3 O-O 9. d4 Bg4 10. Be3 exd4
11. cxd4 Na5 12. Bc2 Nc4 13. Bc1 c5 14. b3 Nb6 15. Bb2 Nfd7 16. Nbd2 Rc8 17. h3 Bh5 18. Rc1 cxd4 19. Bxd4 Bf6 20. Bxf6 Qxf6
21. Bd3 Rfe8 22. Rxc8 Rxc8 23. Qb1 h6 24. Rc1 Nc5 25. a3 Nxd3 26. Rxc8+ Nxc8 27. Qxd3 Qa1+ 28. Kh2 Bxf3 29. Nxf3 Qxa3 30. Qd5 Ne7
31. Qa8+ Kh7 32. Qe8 Ng6 33. Qxf7 a5 34. Nd4 Qb2 35. Ne6 a4 36. bxa4 bxa4 37. f4 Qf6 38. Qe8 a3 39. f5 Qe5+ 40. Kg1 Qa1+
41. Kf2 Qb2+ 42. Kg1 Qa1+ 43. Kf2 Qb2+ 44. Kg1 Qa1+ 45. Kf2 Qb2+ 46. Kg1 Qa1+ 47. Kf2 Qb2+ 48. Kg1
1/2-1/2

[Event "Spectacular Chess"]
[Site "SchemingMind.com"]
[Date "2011.11.25"]
[Round "-"]
[White "Trozkij"]
[Black "docjan"]
[Result "1-0"]
[WhiteCountry "GER"]
[BlackCountry "SWE"]
[WhiteElo "2477"]
[WhiteRD "82"]
[BlackElo "2378"]
[BlackRD "59"]
[GameID "297505"]

1. e4 e5 2. Nf3 Nc6 3. Bb5 a6 4. Ba4 Nf6 5. O-O Be7 6. d3 b5 7. Bb3 O-O 8. a4 b4 9. Nbd2 d5 10. exd5 Nxd5
11. Re1 f6 12. d4 exd4 13. Qe2 Qd7 14. Qc4 Rd8 15. a5 Kf8 16. h3 f5 17. Nxd4 Nxd4 18. Qxd4 Bf6 19. Qd3 Bb7 20. Nf3 Kg8
21. Bg5 Bxg5 22. Nxg5 Re8 23. Bc4 h6 24. Nf3 Qf7 25. Ne5 Qe6 26. Ng4 Qf7 27. Ne3 c6 28. Nxf5 Qf6 29. Re4 Re5 30. Rae1 Rxf5
31. Re8+ Rxe8 32. Rxe8+ Kf7 33. Rb8 Bc8 34. Rxc8 Re5 35. g3 Qe6 36. Rc7+ Kg8 37. Qd4 Kh7 38. Ra7 Qf6 39. Qd3+ Kg8 40. Rxa6 Qe6
41. Ra8+ Kf7 42. Qh7 Qe7 43. Qg8+ Kg6 44. Bd3+ Kh5 45. a6 b3 46. cxb3 Nf4 47. gxf4 Rd5 48. Re8 Qf6 49. Be2+
1-0

[Event "Spectacular Chess"]
[Site "SchemingMind.com"]
[Date "2012.03.14"]
[Round "-"]
[White "Trozkij"]
[Black "kenneth m day"]
[Result "1-0"]
[WhiteCountry "GER"]
[BlackCountry "USA"]
[WhiteElo "2492"]
[WhiteRD "85"]
[BlackElo "1859"]
[BlackRD "56"]
[GameID "305004"]

1. e4 e6 2. d4 d5 3. e5 Ne7 4. Nf3 Nf5 5. Bd3 c5 6. Bxf5 exf5 7. Be3 Qb6 8. Nc3 Be6 9. dxc5 Bxc5 10. Bxc5 Qxc5
11. Qd4 Qxd4 12. Nxd4 Nc6 13. O-O-O Nxe5 14. Rhe1 Ng4 15. Nxe6 fxe6 16. Rxd5 O-O 17. Rxe6 Nxf2 18. Re7 Rae8 19. Rxb7 Ng4 20. Rdd7 Re1+
21. Kd2 Rfe8 22. Rxg7+ Kh8 23. Rxh7+ Kg8 24. Rbg7+ Kf8 25. Rxa7 R1e7 26. Raxe7 Rxe7 27. Rxe7 Kxe7 28. h4
1-0

[Event "Spectacular Chess"]
[Site "SchemingMind.com"]
[Date "2012.03.14"]
[Round "-"]
[White "kenneth m day"]
[Black "Trozkij"]
[Result "1-0"]
[WhiteCountry "USA"]
[BlackCountry "GER"]
[WhiteElo "1812"]
[WhiteRD "56"]
[BlackElo "2362"]
[BlackRD "94"]
[GameID "305007"]

1. e4 e5 2. Nf3 Nc6 3. c3 Nf6 4. d4 Nxe4 5. d5 Ne7 6. Nxe5 Ng6 7. Qd4 Qe7 8. Qxe4 Qxe5 9. Qxe5+ Nxe5 10. Nd2 Bc5
11. Be2 d6 12. O-O Bf5 13. Nf3 Nxf3+ 14. Bxf3 O-O 15. Be3 Bxe3 16. fxe3 Rae8 17. Rae1 Re5 18. e4 Rfe8 19. Re2 Bxe4 20. Bxe4 Rxe4
21. Ref2 f6 22. h3 R8e5 23. Rf5
1-0

[Event "Spectacular Chess"]
[Site "SchemingMind.com"]
[Date "2012.04.27"]
[Round "-"]
[White "baron1"]
[Black "Bandit2"]
[Result "1-0"]
[WhiteCountry "ENG"]
[BlackCountry "POL"]
[WhiteElo "2415"]
[WhiteRD "104"]
[BlackElo "2310"]
[BlackRD "102"]
[GameID "308964"]

1. d4 Nf6 2. c4 c5 3. d5 b5 4. cxb5 a6 5. bxa6 g6 6. Nc3 Bxa6 7. e4 Bxf1 8. Kxf1 d6 9. g3 Bg7 10. Kg2 O-O
11. Nf3 Nbd7 12. h3 Qb8 13. Re1 Ne8 14. Re2 Nb6 15. Bg5 Qb7 16. Qb3 Ra6 17. a4 h6 18. Bd2 Nc7 19. a5 Rb8 20. Ra2 Nd7
21. Qxb7 Rxb7 22. Nd1 Kf8 23. Re3 e6 24. dxe6 fxe6= 25. Re1 Ke7 26. h4 Nb8 27. h5
1-0

[Event "Spectacular Chess"]
[Site "SchemingMind.com"]
[Date "2012.04.27"]
[Round "-"]
[White "Bandit2"]
[Black "baron1"]
[Result "0-1"]
[WhiteCountry "POL"]
[BlackCountry "ENG"]
[WhiteElo "2310"]
[WhiteRD "102"]
[BlackElo "2415"]
[BlackRD "104"]
[GameID "308970"]

1. f4 d5 2. Nf3 g6 3. g3 Bg7 4. Bg2 Nf6 5. O-O O-O 6. d3 c5 7. Nc3 d4 8. Na4 Na6 9. c4 Rb8 10. Bd2 Bf5
11. a3 Qd6 12. b4 Ng4 13. Rb1 cxb4 14. axb4 b5 15. c5 Qe6 16. Nb2 Ne3 17. Bxe3 Qxe3+ 18. Kh1 Nxb4 19. Ng5 Na2 20. Qc2 Nc3
0-1

[Event "Spectacular Chess"]
[Site "SchemingMind.com"]
[Date "2012.08.31"]
[Round "-"]
[White "kenneth m day"]
[Black "baron1"]
[Result "0-1"]
[WhiteCountry "USA"]
[BlackCountry "ENG"]
[WhiteElo "1754"]
[WhiteRD "54"]
[BlackElo "2415"]
[BlackRD "103"]
[GameID "316894"]

1. e4 c6 2. d4 d5 3. exd5 cxd5 4. Bd3 Nf6 5. c3 Nc6 6. Bf4 Bg4 7. Qb3 Qc8 8. Ne2 e6 9. f3 Bh5 10. O-O Bg6
11. Qc2 Nh5 12. Be3 Bd6 13. Nd2 b6 14. Bxg6 hxg6 15. f4 Qc7 16. Nf3 Nxf4 17. Nxf4 Bxf4 18. Bxf4 Qxf4 19. g3 Qc7 20. Qd3 O-O
21. Rae1 Rae8 22. Ne5 g5 23. Nf3 f6 24. Rf2 Qd7 25. Qg6 Ne7 26. Qh5 Nf5 27. h4 Nxg3 28. Qg6 Ne4 29. Rh2 e5 30. hxg5 Qg4+
0-1

[Event "Spectacular Chess"]
[Site "SchemingMind.com"]
[Date "2012.09.02"]
[Round "-"]
[White "baron1"]
[Black "kenneth m day"]
[Result "1-0"]
[WhiteCountry "ENG"]
[BlackCountry "USA"]
[WhiteElo "2383"]
[WhiteRD "104"]
[BlackElo "1721"]
[BlackRD "52"]
[GameID "316899"]

1. d4 Nf6 2. c4 e6 3. Nf3 b6 4. g3 Bb7 5. Bg2 Be7 6. O-O O-O 7. Nc3 d5 8. Ne5 Nbd7 9. Qa4 a6 10. Nxd7 Nxd7
11. cxd5 exd5 12. Nxd5 Rb8 13. Nxe7+ Qxe7 14. Bxb7 Rxb7 15. Qxa6 Qe4 16. Bf4 Rfb8 17. Rac1 Qxd4 18. Rcd1 Nc5 19. Qxb7
1-0